Re di Macedonia - Statistics

Statistiche generali
  • Questo quiz è stato fatto 47 volte
  • Il punteggio medio è 18 su 40
Statistiche sulle risposte
regno nome % Corretto
494-454 Alessandro I
100%
370-368 Alessandro II
100%
336-323 Alessandro III Magno
100%
323-309 Alessandro IV
100%
297-294 Alessandro V
100%
VII secolo a.C. Filippo I
81%
360-336 Filippo II
81%
323-317 Filippo III
81%
297 Filippo IV
81%
221-179 Filippo V
81%
149-148 Filippo VI
81%
179-167 Perseo
44%
281-279 Tolomeo Cerauno
44%
368-365 Tolomeo di Aloro
44%
302-297 Cassandro
41%
VII secolo a.C. Perdicca I
41%
448-413 Perdicca II
41%
368-360 Perdicca III
41%
547-498 Aminta I
37%
393 Aminta II
37%
392-370 Aminta III
37%
360-356 Aminta IV
37%
276-239 Antigono II
37%
229-221 Antigono III
37%
279 Antipatro Etesia
30%
296-294 Antipatro II
30%
294-288 Demetrio I
30%
239-229 Demetrio II
30%
VII secolo a.C. Argeo I
26%
288-285 Pirro
26%
288-281 Lisimaco
22%
413-399 Archelao I
15%
VI secolo a.C. Aeropo I
11%
396-393 Aeropo II
11%
279 Meleagro
11%
393 Pausania
11%
576-547 Alceta I
7%
454-448 Alceta II
7%
399-396 Oreste
7%
279-277 Sostene
7%
Nessun quiz corrispondente trovato
Distribuzione punteggi
Percentuale di utenti per punteggio
Percentile per numero di risposta
I tuoi punteggi nel tempo
Non hai fatto questo quiz